Postaw na milion 223 - Statystyki

Ogólne statystyki
  • Ten quiz został rozwiązany 10 razy
  • Średni wynik to 5 z 12
Statystyki odpowiedzi
Zagadnienie Odpowiedź % Poprawnych
Który sos jest robiony na bazie żółtek, bez mąki? holenderski
70%
Który z tych parków narodowych znajduje się najbliżej Warszawy? Kampinoski
70%
Przez który Park Narodowy przebiega turystyczny Szlak Orlich Gniazd? Ojcowski
70%
Co robi prawdziwa kobieta w sytuacji trudnej, napiętej, stresowej- zdaniem kobiety pracującej z serialu "Czterdziestolatek"? piecze placek ze śliwkami
60%
Naczynia wieńcowe dostarczają krew do: serca
60%
Które z tych wydarzeń miało miejsce najwcześniej? lądowanie człowieka na Księżycu
40%
Który przypadek deklinacji polskiej odpowiada na pytanie: o kim? o czym? miejscownik
40%
Prąd elektryczny w USA w stosunku do tego, który dostarcza sieć w Polsce, ma mniej więcej: dwa razy niższe napięcie
30%
Jak się nazywa toaleta pokładowa na statku lub okręcie? kingston
30%
Król Filip VI Burbon jest obecnie panującym władcą... Hiszpanii
20%
Według badań CBOSu z 2019 roku, co czwarty Polak eliminuje z jadłospisu jakiś produkt lub ogranicza jego spożycie. Najczęściej dotyczy to: tłustych potraw, w tym mięsa
20%
CBOS zapytał Polaków na co poświęcają najwięcej czasu i energii. Która z tych odpowiedzi padała najczęściej? na życie rodzinne
0%
Nie znaleziono quizów pasujących do podanych kryteriów
Rozkład punktacji
Procent ludzi z każdym wynikiem
Percentyl według liczby udzielonych odpowiedzi
Twoja historia wyników
Nie rozwiązałeś tego quizu